000 00470nam a2200169Ia 4500
999 _c689
_d689
003 OSt
005 20210914111501.0
008 190216s9999||||xx |||||||||||||| ||und||
040 _coclc
082 _a892.73
_bNUS/K
100 _aNusri, Abdul Wahab
_98856
245 0 _aQisasun Fukahiyyah /
_c Abdul Wahab Al Nasree
260 _bArab Net,
_aCalicut:
_c2004.
300 _a63p
650 _aArabic
942 _cBK
_2ddc
_h892.73
_iNUS/K
_k892.73
_mNUS/K